书目信息 |
| 题名: |
中国民族音乐概论
|
|
| 作者: | 程天健 编著 | |
| 分册: | 谱例部分 | |
| 出版信息: | 上海 上海音乐学院出版社 2004 |
|
| 页数: | 440页 | |
| 开本: | 20cm | |
| 丛书名: | ||
| 单 册: | ||
| 中图分类: | J642.2 , J607.2 | |
| 科图分类: | ||
| 主题词: | 民族音乐--概论--中国 , 民歌--歌曲--中国--民族 , 音乐--艺术理论 , 音乐学 , 音乐社会学 | |
| 电子资源: | ||
| ISBN: | 7-80692-043-9 | |
| 000 | 00930nam0 2200301 450 | |
| 001 | 05002770697 | |
| 005 | 20060105145444.37 | |
| 010 | @a7-80692-043-9@dCNY45.80 | |
| 092 | @aCN | |
| 100 | @a20050104d2004 ekmy0chiy0120 ea | |
| 101 | 0 | @achi |
| 102 | @aCN@b310000 | |
| 105 | @aag z 000yy | |
| 200 | 1 | @a中国民族音乐概论@9zhong guo min zu yin yue gai lun@i谱例部分@f程天健编著@Fcheng tian jian bian zhu |
| 210 | @a上海@c上海音乐学院出版社@d2004 | |
| 215 | @a440页@c图@d20cm | |
| 330 | @a本书所收谱例按中国民族音乐的五大类别编排:民间歌曲、歌舞音乐、说唱音乐、戏曲音乐、民族器乐等而编写。 | |
| 606 | 0 | @a民族音乐@x概论@y中国 |
| 606 | 0 | @a民歌@x歌曲@x中国@x民族 |
| 606 | 0 | @a音乐@x艺术理论 |
| 606 | 0 | @a音乐学 |
| 606 | 0 | @a音乐社会学 |
| 690 | @aJ642.2@v4 | |
| 690 | @aJ607.2@v3 | |
| 701 | 0 | @a程天健@Acheng tian jian@4编著 |
| 801 | 0 | @aCN@bCXYBOOK@c20060105 |
| 905 | @a10447@dJ607.2@e314:2 | |
| 999 | @aHSJ | |
| 中国民族音乐概论.谱例部分/程天健编著.-上海:上海音乐学院出版社,2004 |
| 440页:图;20cm |
| ISBN 7-80692-043-9:CNY45.80 |
| 本书所收谱例按中国民族音乐的五大类别编排:民间歌曲、歌舞音乐、说唱音乐、戏曲音乐、民族器乐等而编写。 |
| ● |
| 相关链接 |
|
|
|
|
正题名:中国民族音乐概论
索取号:J607.2/314:2
 
预约/预借
| 序号 | 登录号 | 条形码 | 馆藏地/架位号 | 状态 | 备注 |
| 1 | 0372345 | 203723453 | 第一样本阅览室/ [索取号:J607.2/314:2] | 在馆 |